000
00332nam a2200133Ia 4500
008
240624s9999 xx 000 0 und d
041
_a
eng
082
_a
150 SIS
100
_a
SISRELI SAUNDRA K
245
_a
MANASSHASHTRA
260
_c
2008
_a
New Delhi
_b
Pearson Longman
300
_a
xiii, : 270 : p. : cm. ; 23
365
_c
RS
_b
36
999
_c
11334
_d
11334